000 01176nam a22003377a 4500
003 CHAP
005 20220329140836.0
008 971013s1919 r 00010 d
010 _a58465
011 _a59437
035 _a63595
040 _cCHAP
082 _a574.5
_bS85
110 _aSuiza. Oficina para el Fomento del Comercio
_9110613
245 _aProtección del medio ambiente
_b: tecnología, equipo, material
260 _aLausana :
_bOficina Suiza para el Fomento del Comercio,
_c19 -19 .
300 _av.
_b: ilus.
490 _aSuiza-su asociada
_v; 8
500 _aLa biblioteca tiene: 1981, 1988
590 _aBATCH-UPD
_b10
_c20130110
_lUCH01
_h0626
590 _aBATCH-UPD
_b10
_c20130410
_lUCH01
_h0310
590 _aBATCH-UPD
_b10
_c20130914
_lUCH01
_h1808
590 _aCONVERSION
_b10
_c20130109
_lUCH01
_h1331
650 1 4 _aMedio ambiente.
_974065
650 1 4 _aMedio ambiente
_xContaminación.
_974069
830 0 _aSuiza-su asociada
_v; 8
_9110610
901 _aBK
942 _cLIBRO
949 _a574.5 S85
_bBC
_cLIBRO
_d33724000470837
_eLIBRO
_f1988
_h74478
_i63595
_si
949 _a574.5 S85
_bBC
_cLIBRO
_d33724000470852
_eLIBRO
_f1981
_h61274
_i63595
_mD
_si
999 _c58465
_d58465